000 00632nam a2200193 i 4500
001 bg
100 1 _aGELLNER, Ernest
245 0 _aSłowa i rzeczy czyli nie pozbawiona analizy krytyka filozofii lingwistycznej /
_cErnest Gellner ; przedmową opatrzył Bertrand Russell ; [z ang. przeł. Teresa Hołówka].
260 _aWarszawa :
_b"Książka i Wiedza",
_c1984.
300 _a460, 3 s. ;
_c19 cm.
650 9 _aFilozofia
_xhistoria
020 _a8305112071
040 _cBPK
041 _apol
080 _a1(091):800.1](410+430)"19"
920 _a83-05-11207-1
942 _cKS
008 s pl f |000 0 pol
999 _c22490
_d22490
856 _uhttp://koha.tu.koszalin.pl/cgi-bin/koha/opac-detail.pl?biblionumber=22490
_yKatalog online BPK